000 00538nam a2200229 a 4500
001 nice12345678
003 IN_TiNIC
005 20260116013158.0
008 050524s1988 newa grp 000 0 eng
020 _a0883447
_c857.5
082 0 0 _a231.044
_bBOF
100 _aBoff, Leonardo
245 _aTrinity and Society
260 _aNew York
_bOrbis Books
_c1988
300 _a272p
500 _aincludes index and biblioraphy
505 2 _aIndex
650 _aTheology
902 _bSRS
942 _cBK
999 _c9995
_d9995